Engineering industries of Japan
Đã lưu trong:
| Údar Corparáideach: | |
|---|---|
| Formáid: | Leabhar |
| Teanga: | Undetermined |
| Foilsithe: |
Tokyo
Economic Research Institute
1985
|
| Ábhair: | |
| Clibeanna: |
Cuir Clib Leis
Gan Chlibeanna, Bí ar an gcéad duine leis an taifead seo a chlibeáil!
|
| Thư viện lưu trữ: | Trung tâm Học liệu Trường Đại học Cần Thơ |
|---|
| LEADER | 00537nam a2200193Ia 4500 | ||
|---|---|---|---|
| 001 | CTU_96412 | ||
| 008 | 210402s9999 xx 000 0 und d | ||
| 082 | |a 338.4 | ||
| 082 | |b E57/Jun/1985 | ||
| 110 | |a Economic Research Institute | ||
| 245 | 0 | |a Engineering industries of Japan | |
| 245 | 0 | |c Economic Research Institute | |
| 260 | |a Tokyo | ||
| 260 | |b Economic Research Institute | ||
| 260 | |c 1985 | ||
| 650 | |a Machinery industry | ||
| 650 | |z Japan | ||
| 904 | |i Giang | ||
| 980 | |a Trung tâm Học liệu Trường Đại học Cần Thơ | ||